000
00374nam a2200145Ia 4500
008
231129s1996||||xx |||||||||||||| ||spa||
020
_a
968-13-2907-4
040
_b
spa
082
_a
364.152 A935m
100
_a
Austin John
245
0
_a
Misterios de Hollywood sin resolver
260
_c
1996
264
_a
Diana
942
_2
ddc
_c
BKS
999
_c
21290
_d
21290